[Event "Rated Blitz game"]
[Site "?"]
[Date "2021.04.05"]
[Round "?"]
[White "liverpool2021"]
[Black "King_bg03"]
[Result "0-1"]
[WhiteElo "2333"]
[BlackElo "2491"]
[PlyCount "130"]
[EventDate "2021.??.??"]
[EventType "blitz"]

1. e4 e5 2. Nf3 d5 3. Nxe5 Bd6 4. d4 dxe4 5. Bf4 Nd7 6. Nc3 Ngf6 7. Bc4 O-O 8.
Qd2 Qe7 9. Nxd7 Bxd7 10. O-O-O a6 11. Bg5 Rfe8 12. Nd5 Nxd5 13. Bxe7 Bf4 14.
Bxd5 Bxd2+ 15. Rxd2 Rxe7 16. Bxb7 Ra7 17. Bd5 c6 18. Bc4 Bg4 19. h3 Bh5 20. g4
Bg6 21. d5 cxd5 22. Rxd5 h6 23. Re1 Rac7 24. Bb3 Kh7 25. Re3 Rc6 26. c3 Rf6 27.
Rd2 Rf3 28. Bd1 Rf4 29. c4 f5 30. gxf5 Rxf5 31. b4 a5 32. a3 axb4 33. axb4 Rb7
34. b5 Rc5 35. Rc2 Bf7 36. Be2 Ra7 37. Rxe4 Bg6 38. Bd3 Bxe4 39. Bxe4+ Kg8 40.
Bc6 Ra4 41. Bd5+ Kf8 42. Kd2 Rb4 43. Kd3 Ke7 44. Rc3 Kd6 45. Be4 Rb2 46. f3 Ke5
47. Ke3 g5 48. Bd5 Rbxb5 49. Ra3 Rb2 50. Ra6 Rb3+ 51. Kf2 h5 52. Rg6 Kf5 53.
Be4+ Kf4 54. Rf6+ Ke5 55. Rf5+ Kd4 56. Rf7 Rxc4 57. Rd7+ Ke5 58. Bd5 Rc2+ 59.
Kg3 Rb4 60. Re7+ Kxd5 61. Rd7+ Ke6 62. Rd2 h4+ 63. Kf2 Rxd2+ 64. Ke3 Rdd4 65.
f4 gxf4+ {Normal} 0-1

[Event "Rated Blitz game"]
[Site "?"]
[Date "2021.04.04"]
[Round "?"]
[White "Aldistdo"]
[Black "Dzon_Vejn"]
[Result "0-1"]
[WhiteElo "2364"]
[BlackElo "2408"]
[PlyCount "60"]
[EventDate "2021.??.??"]
[EventType "blitz"]

1. e4 e5 2. Nf3 d5 3. exd5 e4 4. Qe2 Nf6 5. Nc3 Be7 6. Nxe4 O-O 7. c4 c6 8.
dxc6 Re8 9. d3 Nxc6 10. Be3 Bb4+ 11. Nfd2 Bf5 12. O-O-O Nd4 13. Bxd4 Qxd4 14.
Qf3 Bg4 15. Nxf6+ gxf6 16. Qg3 Kf8 17. f3 Bf5 18. Ne4 b5 19. Qf2 Qd7 20. a3 Be7
21. c5 b4 22. axb4 a5 23. Qh4 axb4 24. Qh6+ Kg8 25. Nxf6+ Bxf6 26. Qxf6 Ra1+
27. Kc2 Qa4+ 28. b3 Ra2+ 29. Kc1 Qa3+ 30. Kb1 Qxb3+ {Normal} 0-1

[Event "Rated Blitz tournament zwdGuGHX"]
[Site "?"]
[Date "2021.04.04"]
[Round "?"]
[White "cihanakif"]
[Black "luckyluke9999"]
[Result "0-1"]
[WhiteElo "2288"]
[BlackElo "2558"]
[PlyCount "26"]
[EventDate "2021.??.??"]
[EventType "blitz"]

1. e4 e5 2. Nf3 d5 3. Nxe5 Bd6 4. d4 dxe4 5. Bc4 Bxe5 6. dxe5 Qxd1+ 7. Kxd1 Nc6
8. Bf4 Nge7 9. Nc3 Bf5 10. Ke2 Ng6 11. Bg3 Ngxe5 12. Bb5 O-O-O 13. Rad1 Bg4+ {
Normal} 0-1

[Event "Rated Blitz tournament zwdGuGHX"]
[Site "?"]
[Date "2021.04.04"]
[Round "?"]
[White "Akira54"]
[Black "luckyluke9999"]
[Result "0-1"]
[WhiteElo "2364"]
[BlackElo "2550"]
[PlyCount "70"]
[EventDate "2021.??.??"]
[EventType "blitz"]

1. e4 e5 2. Nf3 d5 3. exd5 e4 4. Qe2 Nf6 5. d3 Qxd5 6. Nbd2 Nc6 7. Nxe4 Be6 8.
Nxf6+ gxf6 9. Qe4 Qa5+ 10. Bd2 Qb6 11. O-O-O O-O-O 12. Be3 Qa5 13. a3 Bxa3 14.
bxa3 Qxa3+ 15. Kd2 Qa5+ 16. Ke2 Rhe8 17. Qf4 Bd5 18. Nd2 Qc3 19. Ne4 Bxe4 20.
dxe4 Qxc2+ 21. Rd2 Nd4+ 22. Bxd4 Rxe4+ 23. Qxe4 Qxe4+ 24. Be3 a5 25. Rxd8+ Kxd8
26. Kd2 a4 27. Bd3 Qb4+ 28. Ke2 a3 29. Rb1 Qa4 30. Bd2 a2 31. Ra1 Qd4 32. Rxa2
Qg4+ 33. Kf1 Qd1+ 34. Be1 Qxd3+ 35. Kg1 Qb1 {Normal} 0-1

[Event "Rated Blitz game"]
[Site "?"]
[Date "2021.04.04"]
[Round "?"]
[White "MannySen"]
[Black "melanger"]
[Result "1-0"]
[WhiteElo "2457"]
[BlackElo "2342"]
[PlyCount "93"]
[EventDate "2021.??.??"]
[EventType "blitz"]

1. e4 e5 2. Nf3 d5 3. exd5 e4 4. Qe2 Nf6 5. d3 Qxd5 6. dxe4 Qxe4 7. Nbd2 Qxe2+
8. Bxe2 Bc5 9. O-O O-O 10. Nb3 Bb6 11. Bd3 Be6 12. Bg5 Nbd7 13. Nbd4 Bd5 14. c4
Be4 15. Rad1 Bxd3 16. Rxd3 Ne4 17. Be3 Ndc5 18. Rdd1 a6 19. b4 Na4 20. c5 Ba7
21. a3 Nac3 22. Rc1 Nb5 23. a4 Nxd4 24. Bxd4 c6 25. Rfe1 Rae8 26. Be5 f5 27.
Red1 Bb8 28. Bxb8 Rxb8 29. Rd7 Nf6 30. Rd4 Nd5 31. Re1 Rbe8 32. Ne5 g6 33. f4
Kg7 34. g3 h6 35. b5 axb5 36. axb5 Ra8 37. bxc6 bxc6 38. Nxc6 Nc3 39. Re7+ Rf7
40. Rdd7 Rxe7 41. Rxe7+ Kf6 42. Re3 Ne4 43. Ne5 Nxc5 44. Rc3 Ra1+ 45. Kg2 Ra2+
46. Kh3 Ne4 47. Rc6+ {Time forfeit} 1-0

[Event "Rated Blitz game"]
[Site "?"]
[Date "2021.04.04"]
[Round "?"]
[White "Faulitemporary"]
[Black "Mv17"]
[Result "0-1"]
[WhiteElo "2253"]
[BlackElo "2541"]
[PlyCount "58"]
[EventDate "2021.??.??"]
[EventType "blitz"]

1. e4 e5 2. Nf3 d5 3. Nxe5 Bd6 4. d4 dxe4 5. Nc4 Nf6 6. c3 O-O 7. Ne3 c5 8. Be2
cxd4 9. cxd4 Nc6 10. Nc3 Re8 11. O-O Nxd4 12. b3 Be5 13. Bb2 Nxe2+ 14. Qxe2 Qd3
15. Qxd3 exd3 16. Rfd1 Rd8 17. Rd2 Bxc3 18. Bxc3 Ne4 19. Ba5 b6 20. Bb4 a5 21.
Be7 Rd7 22. Rdd1 Rxe7 23. Rxd3 Ba6 24. Rd4 Nc3 25. Kh1 g6 26. Ng4 h5 27. Nf6+
Kg7 28. Nd5 Nxd5 29. Rxd5 Rae8 {Normal} 0-1

[Event "Rated Blitz game"]
[Site "?"]
[Date "2021.04.04"]
[Round "?"]
[White "goku3f"]
[Black "Korshun_2022"]
[Result "1-0"]
[WhiteElo "2444"]
[BlackElo "2298"]
[PlyCount "89"]
[EventDate "2021.??.??"]
[EventType "blitz"]

1. e4 e5 2. Nf3 d5 3. exd5 e4 4. Nd4 Qxd5 5. Nb3 Nf6 6. Nc3 Qf5 7. Be2 Qg6 8.
g3 Nc6 9. d3 Bh3 10. Be3 O-O-O 11. d4 Ne5 12. Qd2 Bg2 13. Rg1 Nf3+ 14. Bxf3
Bxf3 15. Ne2 Ng4 16. h3 Ne5 17. Nf4 Qa6 18. Qa5 Nc4 19. Qxa6 bxa6 20. Nd2 Nxd2
21. Kxd2 c5 22. c3 Kb7 23. Ne2 Be7 24. Rac1 Rd7 25. Rgd1 Rhd8 26. Ke1 cxd4 27.
Rxd4 Bf6 28. Rxd7+ Rxd7 29. Rd1 Re7 30. Bd4 Bg5 31. Be3 Bf6 32. Rd2 Be5 33. Bf4
Bf6 34. Be3 Be5 35. Nd4 Bh5 36. Nf5 Rc7 37. Nd6+ Kc6 38. Nxe4 Bg6 39. Nc5 Re7
40. Nd3 Bc7 41. Nb4+ Kb5 42. Rd5+ Ka4 43. Kf1 a5 44. b3+ Ka3 45. Bc1# {Normal}
1-0

[Event "Rated Blitz tournament NIyhLsng"]
[Site "?"]
[Date "2021.04.04"]
[Round "?"]
[White "Caschmirr"]
[Black "Lur15"]
[Result "1/2-1/2"]
[WhiteElo "2453"]
[BlackElo "2344"]
[PlyCount "62"]
[EventDate "2021.??.??"]
[EventType "blitz"]

1. e4 e5 2. Nf3 d5 3. exd5 e4 4. Qe2 Be7 5. Qxe4 Nf6 6. Qa4+ c6 7. Nc3 O-O 8.
d3 cxd5 9. Bg5 Nc6 10. Be2 Bd7 11. Bxf6 Bxf6 12. Nxd5 Bxb2 13. Rb1 Nd4 14. Qc4
Rc8 15. Rxb2 Rxc4 16. dxc4 Nxe2 17. Kxe2 Re8+ 18. Ne3 Bg4 19. Rd1 Qc7 20. Rd4
Bxf3+ 21. gxf3 b6 22. c3 h6 23. Rbd2 Qxh2 24. Kd1 Qh1+ 25. Ke2 Qh2 26. Kd1 Qh1+
27. Ke2 f5 28. Rd8 Qh5 29. R2d5 Rxd8 30. Rxd8+ Kh7 31. Rd5 g6 {Normal} 1/2-1/2

[Event "Rated Blitz game"]
[Site "?"]
[Date "2021.04.04"]
[Round "?"]
[White "Genghis_K_Imperial"]
[Black "pasha1984"]
[Result "0-1"]
[WhiteElo "2353"]
[BlackElo "2401"]
[PlyCount "26"]
[EventDate "2021.??.??"]
[EventType "blitz"]

1. e4 e5 2. Nf3 d5 3. exd5 e4 4. Nd4 Nf6 5. c4 c6 6. Nc3 Bb4 7. Qe2 O-O 8. a3
Bc5 9. Nb3 Bg4 10. f3 exf3 11. gxf3 Re8 12. Ne4 Nxe4 13. Qg2 Nc3+ {Normal} 0-1

[Event "Rated Blitz tournament VdiQ36Tg"]
[Site "?"]
[Date "2021.04.04"]
[Round "?"]
[White "DMKey"]
[Black "Jenlen3001"]
[Result "0-1"]
[WhiteElo "2499"]
[BlackElo "2454"]
[PlyCount "90"]
[EventDate "2021.??.??"]
[EventType "blitz"]

1. e4 e5 2. Nf3 d5 3. d4 dxe4 4. Nxe5 Bd6 5. Nc3 Bxe5 6. dxe5 Qxd1+ 7. Nxd1 Nc6
8. Bf4 Nge7 9. Nc3 Ng6 10. Bg3 Ngxe5 11. Nxe4 Bf5 12. f3 Bxe4 13. fxe4 O-O-O
14. c3 f6 15. Bb5 Rhe8 16. Ke2 a6 17. Ba4 b5 18. Bb3 Nc4 19. Bxc4 Rxe4+ 20. Kf3
Rxc4 21. Rad1 Rxd1 22. Rxd1 b4 23. cxb4 Nxb4 24. a3 Nc6 25. Rd3 Rc2 26. Rc3
Rxc3+ 27. bxc3 Kd7 28. Ke4 Ne7 29. h4 g6 30. h5 gxh5 31. Bh4 Ke6 32. Bg3 c6 33.
Bf2 Nd5 34. Be1 f5+ 35. Kd4 Kd6 36. c4 c5+ 37. Kd3 Nf4+ 38. Kd2 Nxg2 39. Bf2 f4
40. Ke2 h4 41. Kf3 h3 42. Bg1 h5 43. a4 Ke5 44. Bxc5 Nh4+ 45. Kf2 h2 {Normal}
0-1

[Event "Rated Blitz game"]
[Site "?"]
[Date "2021.04.04"]
[Round "?"]
[White "SaidddAmirr"]
[Black "Dzon_Vejn"]
[Result "0-1"]
[WhiteElo "2338"]
[BlackElo "2404"]
[PlyCount "68"]
[EventDate "2021.??.??"]
[EventType "blitz"]

1. e4 e5 2. Nf3 d5 3. exd5 e4 4. Nd4 Qxd5 5. Ne2 Nc6 6. Nbc3 Qe5 7. d4 exd3 8.
Qxd3 Bf5 9. Qb5 Qxb5 10. Nxb5 O-O-O 11. c3 Bc5 12. Bf4 Nf6 13. Bxc7 Rd7 14. Bg3
Re8 15. Rd1 a6 16. Rxd7 Kxd7 17. Na3 Bxa3 18. bxa3 Ne4 19. Kd1 b5 20. Nd4 Nxc3+
21. Kd2 Ne4+ 22. Kd3 Nxg3+ 23. Nxf5 Nxf5 24. g3 Re1 25. Bg2 Rxh1 26. Bxh1 Kd6
27. f4 Nfe7 28. Be4 f5 29. Bf3 Nd5 30. Bd1 g6 31. a4 b4 32. h3 a5 33. Bf3 Kc5
34. Kc2 Nd4+ {Normal} 0-1

[Event "Rated Blitz tournament gYFnRNND"]
[Site "?"]
[Date "2021.04.04"]
[Round "?"]
[White "HeCtOr001"]
[Black "Korshun_2022"]
[Result "1/2-1/2"]
[WhiteElo "2457"]
[BlackElo "2311"]
[PlyCount "68"]
[EventDate "2021.??.??"]
[EventType "blitz"]

1. e4 e5 2. Nf3 d5 3. Nxe5 Bd6 4. d4 dxe4 5. Nc4 Nf6 6. Nxd6+ Qxd6 7. Be2 Nc6
8. c3 O-O 9. Be3 Ne7 10. g4 Nfd5 11. O-O f5 12. c4 Nf4 13. c5 Qh6 14. Kh1 Ned5
15. Bc4 c6 16. Bxd5+ cxd5 17. Nc3 g5 18. Bxf4 gxf4 19. g5 Qh3 20. Nxd5 f3 21.
Rg1 f4 22. Qd2 Qh4 23. Nf6+ Kg7 24. Nxe4 Bh3 25. d5 Bg2+ 26. Rxg2 fxg2+ 27. Kg1
f3 28. Qd4+ Kg6 29. Re1 Rf4 30. Qe5 Raf8 31. Qd6+ Kg7 32. Qe5+ Kg6 33. Qe6+ Kg7
34. Qe5+ Kg6 {Normal} 1/2-1/2

[Event "Rated Blitz game"]
[Site "?"]
[Date "2021.04.04"]
[Round "?"]
[White "gajardo"]
[Black "annaly1979"]
[Result "1-0"]
[WhiteElo "2431"]
[BlackElo "2340"]
[PlyCount "53"]
[EventDate "2021.??.??"]
[EventType "blitz"]

1. e4 e5 2. Nf3 d5 3. Nxe5 Qe7 4. d4 f6 5. Qh5+ g6 6. Nxg6 Qxe4+ 7. Be3 Qxg6 8.
Qxd5 Ne7 9. Qb5+ c6 10. Qb3 Nd7 11. Nc3 Nb6 12. O-O-O Bf5 13. d5 Nexd5 14. Bxb6
Nxb6 15. a4 Qf7 16. Re1+ Be7 17. Qb4 Kf8 18. Qf4 Qg6 19. a5 Nd5 20. Nxd5 cxd5
21. Qc7 Re8 22. Bb5 Kf7 23. Bxe8+ Rxe8 24. Qxb7 Qxg2 25. Rhg1 Qxf2 26. Qxd5+
Kf8 27. Rg8# {Normal} 1-0

[Event "Rated Blitz tournament 7FzHayDw"]
[Site "?"]
[Date "2021.04.04"]
[Round "?"]
[White "Xaralamposal"]
[Black "Maltinho"]
[Result "0-1"]
[WhiteElo "2353"]
[BlackElo "2561"]
[PlyCount "40"]
[EventDate "2021.??.??"]
[EventType "blitz"]

1. e4 e5 2. Nf3 d5 3. exd5 Bd6 4. d4 e4 5. Nfd2 Nf6 6. Nc3 O-O 7. Bc4 Re8 8.
O-O Bxh2+ 9. Kxh2 Ng4+ 10. Kg1 Qh4 11. Qxg4 Bxg4 12. Ndxe4 Nd7 13. Bg5 Qh5 14.
f3 Bf5 15. g4 Bxg4 16. fxg4 Qxg4+ 17. Kh2 Rxe4 18. Nxe4 Qxe4 19. c3 Nb6 20. Bb3
Qe2+ {Normal} 0-1

[Event "Rated Blitz game"]
[Site "?"]
[Date "2021.04.04"]
[Round "?"]
[White "Tim1991"]
[Black "Schachelite"]
[Result "1-0"]
[WhiteElo "2492"]
[BlackElo "2453"]
[PlyCount "127"]
[EventDate "2021.??.??"]
[EventType "blitz"]

1. e4 e5 2. Nf3 d5 3. exd5 e4 4. Qe2 Nf6 5. d3 Qxd5 6. Nbd2 Nc6 7. Nxe4 Be6 8.
Nxf6+ gxf6 9. g3 O-O-O 10. Bg2 Bb4+ 11. c3 Ba5 12. O-O Qxd3 13. Qxd3 Rxd3 14.
Be3 Bb6 15. Bxb6 axb6 16. Rfe1 Rhd8 17. a3 Kb8 18. Nh4 Ne5 19. Be4 Rd2 20. b4
h6 21. Nf3 Nxf3+ 22. Bxf3 R8d3 23. Re3 Rxe3 24. fxe3 Rd3 25. Rc1 Rxe3 26. Kf2
Rd3 27. Be2 Rd2 28. Ke3 Ra2 29. Rf1 Rxe2+ 30. Kxe2 Bc4+ 31. Kf2 Bxf1 32. Kxf1
b5 33. Kf2 Kc8 34. Ke3 Kd7 35. Kf4 Ke6 36. g4 Kd6 37. Kf5 Ke7 38. h4 c6 39. Kf4
Ke6 40. Ke4 b6 41. Kf4 f5 42. gxf5+ Kd5 43. Kg4 Ke5 44. Kh5 Kxf5 45. Kxh6 Kg4
46. h5 f5 47. Kg6 f4 48. h6 f3 49. h7 f2 50. h8=Q f1=Q 51. Qh5+ Kg3 52. Qg5+
Kh3 53. Qf5+ Qxf5+ 54. Kxf5 Kg3 55. Ke5 Kf3 56. Kd6 Ke3 57. Kxc6 Kd3 58. Kxb5
Kxc3 59. Kxb6 Kb3 60. b5 Ka4 61. Ka6 Kxa3 62. b6 Ka4 63. b7 Kb4 64. b8=Q+ {
Normal} 1-0

[Event "Rated Blitz tournament GhQboQNE"]
[Site "?"]
[Date "2021.04.04"]
[Round "?"]
[White "nrm18"]
[Black "Madjrs72"]
[Result "1-0"]
[WhiteElo "2442"]
[BlackElo "2330"]
[PlyCount "65"]
[EventDate "2021.??.??"]
[EventType "blitz"]

1. e4 e5 2. Nf3 d5 3. Nxe5 Bd6 4. d4 dxe4 5. Nc4 Nf6 6. Ne3 O-O 7. Be2 Nc6 8.
c3 Re8 9. O-O Be6 10. f3 Ne7 11. fxe4 Nxe4 12. Bf3 Ng5 13. Bxb7 Rb8 14. Bf3
Nxf3+ 15. Qxf3 Nd5 16. Nc4 c5 17. Nxd6 Qxd6 18. c4 Nb4 19. d5 Nc2 20. Bf4 Qb6
21. Bxb8 Rxb8 22. dxe6 Qxe6 23. Nc3 Nxa1 24. Rxa1 Qxc4 25. b3 Qd4+ 26. Kh1 h6
27. Rd1 Qe5 28. h3 Re8 29. Na4 Qg5 30. Qc3 Re3 31. Qxc5 Qg3 32. Qc8+ Kh7 33.
Qf5+ {Normal} 1-0

[Event "Rated Blitz game"]
[Site "?"]
[Date "2021.04.04"]
[Round "?"]
[White "jdjdejdejy"]
[Black "DarthZannah"]
[Result "0-1"]
[WhiteElo "2495"]
[BlackElo "2456"]
[PlyCount "46"]
[EventDate "2021.??.??"]
[EventType "blitz"]

1. e4 e5 2. Nf3 d5 3. d3 dxe4 4. dxe4 Qxd1+ 5. Kxd1 f6 6. Bc4 Bc5 7. Ke2 Ne7 8.
Be3 Bxe3 9. Kxe3 Nbc6 10. a4 a5 11. Nbd2 b6 12. c3 Bb7 13. Ne1 O-O-O 14. Nd3
Rhe8 15. f3 Kb8 16. Rhd1 f5 17. exf5 Nxf5+ 18. Kf2 Nd6 19. Bd5 Nb4 20. Bxb7
Nxd3+ 21. Ke3 Nf5+ 22. Ke4 Nf2+ 23. Kxf5 Nxd1 {Normal} 0-1

[Event "Rated Blitz game"]
[Site "?"]
[Date "2021.04.04"]
[Round "?"]
[White "Licenciadomate"]
[Black "annaly1979"]
[Result "1-0"]
[WhiteElo "2471"]
[BlackElo "2317"]
[PlyCount "65"]
[EventDate "2021.??.??"]
[EventType "blitz"]

1. e4 e5 2. Nf3 d5 3. exd5 e4 4. Qe2 f5 5. d3 Nf6 6. Nbd2 Be7 7. dxe4 fxe4 8.
Nxe4 Nxe4 9. Qxe4 O-O 10. Be3 Bd6 11. Nd4 Qf6 12. Bd3 g6 13. O-O-O Nd7 14. Ne6
Re8 15. Bd4 Qf7 16. h4 Nf8 17. h5 Nxe6 18. dxe6 Bxe6 19. Qh4 Qf4+ 20. Qxf4
Bxf4+ 21. Kb1 g5 22. g3 Bd5 23. gxf4 Bxh1 24. Rxh1 gxf4 25. Rg1+ Kf7 26. Bxh7
Rad8 27. Bg6+ Ke6 28. Bxe8 Rxd4 29. h6 Rd8 30. Bg6 Kf6 31. Bd3 c5 32. h7 Re8
33. b3 {Normal} 1-0

[Event "Rated Blitz game"]
[Site "?"]
[Date "2021.04.04"]
[Round "?"]
[White "RED0S"]
[Black "melanger"]
[Result "1-0"]
[WhiteElo "2438"]
[BlackElo "2346"]
[PlyCount "39"]
[EventDate "2021.??.??"]
[EventType "blitz"]

1. e4 e5 2. Nf3 d5 3. d4 dxe4 4. Nxe5 Bd6 5. Nc4 Nf6 6. Nc3 O-O 7. Be2 Nc6 8.
O-O Nxd4 9. Bg5 Bf5 10. Bxf6 Qxf6 11. Nd5 Nxe2+ 12. Qxe2 Qg6 13. Rad1 Bh3 14.
f4 exf3 15. Rxf3 Bg4 16. Nxd6 Qxd6 17. Ne7+ Kh8 18. Rxd6 Bxf3 19. Qxf3 cxd6 20.
Qxb7 {Normal} 1-0

[Event "Rated Blitz game"]
[Site "?"]
[Date "2021.04.04"]
[Round "?"]
[White "ehud50"]
[Black "lavilaine"]
[Result "0-1"]
[WhiteElo "2435"]
[BlackElo "2345"]
[PlyCount "48"]
[EventDate "2021.??.??"]
[EventType "blitz"]

1. e4 e5 2. Nf3 d5 3. Nxe5 Qe7 4. d4 f6 5. Nd3 dxe4 6. Nf4 Be6 7. Nxe6 Qxe6 8.
Be3 f5 9. Nc3 Bb4 10. d5 Qe5 11. Bb5+ c6 12. Bc4 Bxc3+ 13. Kf1 Bxb2 14. Rb1 Nf6
15. g3 cxd5 16. Bxd5 Nxd5 17. Rxb2 Nxe3+ 18. fxe3 Qxb2 19. Qd5 Nc6 20. Qe6+ Ne7
21. Kg2 Rc8 22. Kh3 Rxc2 23. a4 Rf8 24. a5 Rf6 {Normal} 0-1

[Event "Rated Blitz tournament IJtbY6RQ"]
[Site "?"]
[Date "2021.04.04"]
[Round "?"]
[White "AlphaRodionCentauri"]
[Black "Schachelite"]
[Result "1-0"]
[WhiteElo "2295"]
[BlackElo "2461"]
[PlyCount "49"]
[EventDate "2021.??.??"]
[EventType "blitz"]

1. e4 e5 2. Nf3 d5 3. d4 dxe4 4. Nxe5 Bd6 5. Nc4 Nf6 6. Nxd6+ Qxd6 7. Be2 Nc6
8. c3 O-O 9. Nd2 b6 10. Nc4 Qe7 11. Bg5 Bb7 12. Ne3 h6 13. Nd5 Nxd5 14. Bxe7
Ncxe7 15. O-O f5 16. Bc4 Kh7 17. Bxd5 Bxd5 18. b3 Rad8 19. c4 Bb7 20. d5 c6 21.
Qd4 cxd5 22. cxd5 Rxd5 23. Qa4 Ra5 24. Qd7 Ba6 25. Qxe7 {Normal} 1-0

[Event "Rated Blitz game"]
[Site "?"]
[Date "2021.04.04"]
[Round "?"]
[White "BE9000"]
[Black "blastol"]
[Result "1-0"]
[WhiteElo "2365"]
[BlackElo "2405"]
[PlyCount "153"]
[EventDate "2021.??.??"]
[EventType "blitz"]

1. e4 e5 2. Nf3 d5 3. Nxe5 Bd6 4. d4 dxe4 5. Nc4 f5 6. Nxd6+ Qxd6 7. c4 Nf6 8.
Nc3 O-O 9. g3 Nc6 10. Bf4 Qxd4 11. Qb3 Qb6 12. Qxb6 cxb6 13. Be2 Nd4 14. Bd1
Be6 15. b3 Nc6 16. O-O Nb4 17. Bd6 Nd3 18. Bxf8 Rxf8 19. Be2 Ne5 20. Rfd1 Nfg4
21. h3 Nh6 22. Nd5 g5 23. Kg2 f4 24. Bf1 Nf5 25. gxf4 Nh4+ 26. Kg3 Nf5+ 27. Kh2
Nf3+ 28. Kh1 Bxd5 29. Rxd5 gxf4 30. Bg2 N5h4 31. Bxf3 Nxf3 32. Rd7 e3 33. fxe3
fxe3 34. Re7 Rf7 35. Rxe3 Nd4 36. Re8+ Kg7 37. Rg1+ Kh6 38. Re4 Nf5 39. Rf4 Rf6
40. Kh2 Kh5 41. Rgf1 Kg5 42. h4+ Kg6 43. Kh3 h5 44. Rg1+ Kf7 45. Rg5 Ke6 46.
Rxh5 Ng7 47. Rxf6+ Kxf6 48. Rh6+ Kf7 49. Rh7 Kg6 50. Rxg7+ Kxg7 51. Kg4 Kg6 52.
h5+ Kh6 53. Kh4 a6 54. b4 a5 55. b5 a4 56. a3 Kh7 57. Kg5 Kg7 58. h6+ Kh7 59.
Kh5 Kh8 60. Kg6 Kg8 61. Kf6 Kh7 62. Ke6 Kxh6 63. Kd7 Kg5 64. Kc7 Kf5 65. Kxb7
Ke4 66. Kxb6 Kd4 67. c5 Kc4 68. c6 Kb3 69. c7 Ka2 70. c8=Q Ka1 71. Qa8 Ka2 72.
Qxa4 Kb1 73. Qb4+ Ka1 74. a4 Ka2 75. a5 Ka1 76. a6 Ka2 77. a7 {Normal} 1-0

[Event "Rated Blitz tournament zwdGuGHX"]
[Site "?"]
[Date "2021.04.04"]
[Round "?"]
[White "mietiaivoilla"]
[Black "luckyluke9999"]
[Result "0-1"]
[WhiteElo "2318"]
[BlackElo "2552"]
[PlyCount "46"]
[EventDate "2021.??.??"]
[EventType "blitz"]

1. e4 e5 2. Nf3 d5 3. exd5 e4 4. Ne5 Qxd5 5. d4 exd3 6. Nxd3 Nf6 7. Nc3 Qe6+ 8.
Qe2 Nc6 9. Nb5 Bd6 10. Bf4 O-O 11. Qxe6 Bxe6 12. Nxd6 cxd6 13. Bxd6 Rfd8 14.
Bg3 Nd4 15. O-O-O Rac8 16. c3 Bxa2 17. Nb4 Bb3 18. Rd2 Ne4 19. Rd3 a5 20. Bh4
axb4 21. Bxd8 Ra8 22. Kb1 Bc2+ 23. Kc1 Ra1# {Normal} 0-1

[Event "Rated Blitz tournament NIyhLsng"]
[Site "?"]
[Date "2021.04.04"]
[Round "?"]
[White "coachJohncappon"]
[Black "Lur15"]
[Result "0-1"]
[WhiteElo "2464"]
[BlackElo "2328"]
[PlyCount "58"]
[EventDate "2021.??.??"]
[EventType "blitz"]

1. e4 e5 2. Nf3 d5 3. Nxe5 Bd6 4. d4 dxe4 5. Nc4 Nf6 6. Nxd6+ Qxd6 7. Be3 O-O
8. Nd2 Bf5 9. h3 Nc6 10. Nb3 Rad8 11. Be2 Nd5 12. O-O Nxe3 13. fxe3 Bg6 14. c4
b6 15. Rf4 f5 16. Qe1 a5 17. c5 Qf6 18. Rc1 Nb4 19. cxb6 cxb6 20. Bc4+ Kh8 21.
Qe2 Bf7 22. a3 Bxc4 23. Rxc4 Nd5 24. Rf1 Qg5 25. Re1 f4 26. exf4 Nxf4 27. Qc2
Nxh3+ 28. Kh2 Qf4+ 29. g3 Qh6 {Normal} 0-1

[Event "Rated Blitz game"]
[Site "?"]
[Date "2021.04.04"]
[Round "?"]
[White "YOui887"]
[Black "King_bg03"]
[Result "0-1"]
[WhiteElo "2295"]
[BlackElo "2485"]
[PlyCount "104"]
[EventDate "2021.??.??"]
[EventType "blitz"]

1. e4 e5 2. Nf3 d5 3. d4 exd4 4. Qxd4 Nf6 5. Bg5 Be7 6. e5 Ne4 7. Bxe7 Qxe7 8.
Nc3 Nc6 9. Bb5 Bd7 10. Nxd5 Nxd4 11. Nxe7 Nxb5 12. Nd5 c6 13. Ne3 O-O-O 14. O-O
Nc7 15. Rfe1 h6 16. Nc4 Bf5 17. Rxe4 Bxe4 18. Nd6+ Rxd6 19. exd6 Nd5 20. Ne5
Rd8 21. Re1 Bg6 22. c4 Nf6 23. c5 Re8 24. f4 Nd7 25. Kf2 Nxc5 26. Kf3 Nd7 27.
g4 f6 28. Nd3 Rxe1 29. Nxe1 Bf7 30. f5 Bxa2 31. Nd3 Bd5+ 32. Kf4 Nb6 33. h4 Kd7
34. Nc5+ Kxd6 35. Nxb7+ Ke7 36. Nc5 Nc4 37. b4 a5 38. bxa5 Nxa5 39. Nd3 Kd6 40.
Ke3 c5 41. Nf4 c4 42. Nh5 c3 43. Nxg7 c2 44. Kd2 Be4 45. Ne8+ Ke7 46. Nd6 Nb3+
47. Ke3 Kxd6 48. Kxe4 c1=Q 49. g5 hxg5 50. Kf3 Qf4+ 51. Kg2 gxh4 52. Kh3 Qg3# {
Normal} 0-1

[Event "Rated Blitz game"]
[Site "?"]
[Date "2021.04.04"]
[Round "?"]
[White "Mushiron"]
[Black "pasha1984"]
[Result "1-0"]
[WhiteElo "2355"]
[BlackElo "2410"]
[PlyCount "39"]
[EventDate "2021.??.??"]
[EventType "blitz"]

1. e4 e5 2. Nf3 d5 3. exd5 e4 4. Nd4 Nf6 5. c4 c6 6. d3 Bb4+ 7. Nc3 cxd5 8.
Qa4+ Nc6 9. Nxc6 Bxc3+ 10. bxc3 bxc6 11. Ba3 exd3 12. Bxd3 Bd7 13. Qb4 Rb8 14.
Qd6 Be6 15. Qxc6+ Qd7 16. Qa6 Rb6 17. Qa5 dxc4 18. Be2 Qb5 19. Qxa7 Qa6 20.
Qe7# {Normal} 1-0

[Event "Rated Blitz tournament rUoXEnU0"]
[Site "?"]
[Date "2021.04.04"]
[Round "?"]
[White "Bluesbrothers"]
[Black "Herabi"]
[Result "1-0"]
[WhiteElo "2319"]
[BlackElo "2421"]
[PlyCount "121"]
[EventDate "2021.??.??"]
[EventType "blitz"]

1. e4 e5 2. Nf3 d5 3. exd5 e4 4. Qe2 Nf6 5. d3 Qxd5 6. Nc3 Bb4 7. Bd2 Bxc3 8.
Bxc3 O-O 9. dxe4 Nxe4 10. Rd1 Nxc3 11. bxc3 Qxa2 12. Qd3 Nc6 13. Be2 Qe6 14.
O-O Qf5 15. Qxf5 Bxf5 16. Bd3 Bg4 17. Rb1 Bxf3 18. gxf3 Na5 19. Be4 Rab8 20.
Rb5 b6 21. Rd1 Rfd8 22. Rbd5 Rxd5 23. Rxd5 g6 24. Rd7 Rc8 25. Bd5 Kg7 26. Rxf7+
Kh6 27. Rd7 c6 28. Be4 a6 29. Ra7 Nc4 30. Rxa6 Rd8 31. Bxc6 Rd2 32. Be4 Kg5 33.
Bd3 Ne5 34. Be4 Kf4 35. Rxb6 Nxf3+ 36. Bxf3 Kxf3 37. Rf6+ Kg4 38. Kg2 Rxc2 39.
Rc6 g5 40. Rc7 h5 41. h3+ Kf5 42. c4 Rc3 43. c5 g4 44. h4 Rc2 45. c6 Kg6 46.
Rc8 Kg7 47. c7 Rc3 48. Kf1 Kh7 49. Ke1 Kg7 50. Kd2 Rc6 51. Kd3 Rc1 52. Ke4 Rc6
53. Kf5 Rc5+ 54. Kf4 Rc2 55. Kg5 Rc5+ 56. Kf4 Rc4+ 57. Ke5 Rc5+ 58. Kd6 Rc2 59.
Ra8 Rd2+ 60. Ke5 Re2+ 61. Kd4 {Normal} 1-0

[Event "Rated Blitz tournament GhQboQNE"]
[Site "?"]
[Date "2021.04.04"]
[Round "?"]
[White "Starinov"]
[Black "Madjrs72"]
[Result "1-0"]
[WhiteElo "2422"]
[BlackElo "2321"]
[PlyCount "85"]
[EventDate "2021.??.??"]
[EventType "blitz"]

1. e4 e5 2. Nf3 d5 3. d4 dxe4 4. Nxe5 Bd6 5. Nc4 Nf6 6. Bg5 O-O 7. Be2 Re8 8.
O-O Nc6 9. c3 Bf5 10. Ne3 Bg6 11. Nd2 Be7 12. Bxf6 Bxf6 13. a4 Bg5 14. Ndc4 Ne7
15. Ne5 Bxe3 16. fxe3 Nd5 17. Qd2 Qg5 18. Nc4 c6 19. a5 b5 20. axb6 axb6 21.
Rxa8 Rxa8 22. Re1 b5 23. Ne5 Rc8 24. Bf1 f6 25. Nd7 Bf5 26. Nc5 Ra8 27. c4 bxc4
28. Bxc4 h5 29. Bxd5+ cxd5 30. b4 h4 31. b5 h3 32. b6 Qg4 33. b7 Rb8 34. Ra1
Kh7 35. Ra8 hxg2 36. Rxb8 Qf3 37. Rh8+ Kxh8 38. b8=Q+ Kh7 39. Qb1 Bh3 40. Qf2
f5 41. Qxf3 exf3 42. Qe1 g5 43. Ne6 {Normal} 1-0